Normal view MARC view
  • Soininen, Marjaana

Entry Nombre Personal

Number of records used in: 1

001 - NUMERO DE CONTROL

  • campo de control: 47430

003 - IDENTIFICADOR DE NUMERO DE CONTROL

  • campo de control: UPN

005 - FECHA Y HORA DE LA ÜLTIMA TRANSACCIÓN

  • campo de control: 20221123091037.0

008 - DATOS DE LONGITUD FIJA

  • campo de control de longitud fija: 221123|| acn||aabn | a|a d

040 ## - FUENTE DE CATALOGACIÓN

  • Agencia original de catalogación: MX-MxUPN

100 ## - ENCABEZAMIENTO - NOMBRE PERSONAL

  • Nombre personal: Soininen, Marjaana

370 ## - LUGAR ASOCIADO

  • Associated country: Finlandia

371 ## - DIRECCIÓN

  • Electronic mail address: marjasoi@utu.fi

372 ## - CAMPO DE ACTIVIDAD

  • Field of activity: Ciencias de la educación
  • Field of activity: Psicopedagogía

373 ## - GRUPO ASOCIADO

  • Associated group: Universitdad de Turku. Departmento de Formación Docente

374 ## - OCUPACIÓN

  • Occupation: Profesora - Investigadora universitaria

670 ## - FUENTE EN LA QUE SE LOCALIZARON DATOS

  • Cita de la fuente: En sitio web: University of Turku
  • Información localizada: (Marjaana Soininen)
  • Uniform Resource Identifier: https://www.utu.fi/en/people/marjaana-soininen

902 ## - CATALOGADOR

  • Catalogador: BLSM/231122